logo

Bir Sreshtho Munshi Abdur Rouf Library
Jhenaidah Cadet College

Bangla Academy English - Bangla Dictionary / (Record no. 5512)

MARC details
000 -LEADER
fixed length control field 00641nam a2200241 a 4500
001 - CONTROL NUMBER
JCCL Control Number 5512
003 - CONTROL NUMBER IDENTIFIER
JCCL marc code BD-JhCC
005 - DATE AND TIME OF LATEST TRANSACTION
control field 20190408134015.0
008 - FIXED-LENGTH DATA ELEMENTS--GENERAL INFORMATION
fixed length control field 171217s2010 bg ||||| ||a| 00| 0 mul d
020 ## - INTERNATIONAL STANDARD BOOK NUMBER
International Standard Book Number 9840748998
035 ## - SYSTEM CONTROL NUMBER
system control number (BD-JhCC)5512
040 ## - CATALOGING SOURCE
Original cataloging agency BD-JhCC
Modifying agency BD-JhCC
041 ## - LANGUAGE CODE
Language code of Book eng
082 ## - DEWEY DECIMAL CLASSIFICATION NUMBER
Classification number 423
Author mark and Year BAN 2010
245 ## - TITLE STATEMENT
Title Bangla Academy English - Bangla Dictionary /
Statement of responsibility, etc edietd by Zillur Rahman Siddiqui
250 ## - EDITION STATEMENT
Edition statement 2nd ed.
260 ## - PUBLICATION, DISTRIBUTION, ETC. (IMPRINT)
Place of publication, distribution, etc Dhaka :
Name of publisher, distributor, etc Bangal Academy,
Date of publication, distribution, etc 2010.
300 ## - PHYSICAL DESCRIPTION
Pagination 915 p. :
Dimensions 22 cm.
650 ## - SUBJECT ADDED ENTRY--TOPICAL TERM
Topical term or geographic name as entry element Dictionaries, English
700 ## - ADDED ENTRY--PERSONAL NAME
Personal name Siddiqui, Zillur Rahman
942 ## - ADDED ENTRY ELEMENTS (KOHA)
Source of classification or shelving scheme Dewey Decimal Classification
Koha item type Books
Koha issues (borrowed), all copies 1
Holdings
Source of classification or shelving scheme Damaged status Not for loan Home library Current library Shelving location Cost, normal purchase price Total Checkouts Full call number Barcode Date last seen Copy number Koha item type Date of accession Date checked out
Dewey Decimal Classification     JCC Rouf Library JCC Rouf Library General Stacks 250.00   423 BAN 2010 7270 12/17/2017 C-1 Books    
Dewey Decimal Classification     JCC Rouf Library JCC Rouf Library General Stacks 340.00   423 BAN 2010 7265 12/17/2017 C-2 Books    
Dewey Decimal Classification     JCC Rouf Library JCC Rouf Library General Stacks 340.00 1 423 BAN 2010 8232 05/18/2023 C-3 Books 12/28/2017 04/08/2019
Dewey Decimal Classification     JCC Rouf Library JCC Rouf Library General Stacks 340.00   423 BAN 2010 8002 01/01/2018 C-4 Books    
Dewey Decimal Classification     JCC Rouf Library JCC Rouf Library General Stacks 250.00   423 BAN 2010 8003 01/01/2018 C-5 Books    
Dewey Decimal Classification     JCC Rouf Library JCC Rouf Library General Stacks 140.00   423 BAN 2010 13478 04/21/2018 C-6 Books 04/21/2018  
Dewey Decimal Classification     JCC Rouf Library JCC Rouf Library General Stacks 340.00   423 BAN 2012 14615 10/27/2019 C-7 Books 06/24/2018  

JCC Library | Contacts | JCC Home

Last Update on 23 September 2017
Copyright @ 2017-2020 JCC Rouf Library
Rouf Library, Jhenidah Cadet College (JCC), Bangladesh